Parental influences : (Record no. 4579)

MARC details
000 -LEADER
fixed length control field 00975nam a2200301 a 4500
001 - CONTROL NUMBER
control field 971967
003 - CONTROL NUMBER IDENTIFIER
control field OSt
005 - DATE AND TIME OF LATEST TRANSACTION
control field 20160630154806.0
008 - FIXED-LENGTH DATA ELEMENTS--GENERAL INFORMATION
fixed length control field 850402s1985 mauac b 001 0 eng
010 ## - LIBRARY OF CONGRESS CONTROL NUMBER
LC control number 85050865
020 ## - INTERNATIONAL STANDARD BOOK NUMBER
International Standard Book Number 0316043508
040 ## - CATALOGING SOURCE
Original cataloging agency DLC
Transcribing agency DLC
Modifying agency DLC
082 00 - DEWEY DECIMAL CLASSIFICATION NUMBER
Classification number WA 310
Item number A86p
245 00 - TITLE STATEMENT
Title Parental influences :
Remainder of title in health and disease /
Statement of responsibility, etc. edited by E. James Anthony, George H. Pollock.
250 ## - EDITION STATEMENT
Edition statement 1st ed.
260 ## - PUBLICATION, DISTRIBUTION, ETC. (IMPRINT)
Place of publication, distribution, etc. Boston :
Name of publisher, distributor, etc. Little, Brown,
Date of publication, distribution, etc. 1985.
300 ## - PHYSICAL DESCRIPTION
Extent x, 531 p. :
Other physical details ill., ports. ;
Dimensions 25 cm.
504 ## - BIBLIOGRAPHY, ETC. NOTE
Bibliography, etc Includes bibliographies and index.
650 #0 - SUBJECT ADDED ENTRY--TOPICAL TERM
Topical term or geographic name as entry element Parental influences.
9 (RLIN) 9821
650 #0 - SUBJECT ADDED ENTRY--TOPICAL TERM
Topical term or geographic name as entry element Child psychopathology.
9 (RLIN) 9822
650 #0 - SUBJECT ADDED ENTRY--TOPICAL TERM
Topical term or geographic name as entry element Parents
General subdivision Mental health.
9 (RLIN) 9823
650 #0 - SUBJECT ADDED ENTRY--TOPICAL TERM
Topical term or geographic name as entry element Abusive parents.
9 (RLIN) 9824
700 1# - ADDED ENTRY--PERSONAL NAME
Personal name Anthony, E. James
Fuller form of name (Elwyn James),
Dates associated with a name 1916-
9 (RLIN) 9825
700 1# - ADDED ENTRY--PERSONAL NAME
Personal name Pollock, George H.
9 (RLIN) 9826
906 ## - LOCAL DATA ELEMENT F, LDF (RLIN)
a 7
b cbc
c orignew
d 2
e ocip
f 19
g y-gencatlg
942 ## - ADDED ENTRY ELEMENTS (KOHA)
Source of classification or shelving scheme Other/Generic Classification Scheme
Koha item type Open Shelf
Holdings
Withdrawn status Lost status Source of classification or shelving scheme Damaged status Not for loan Home library Current library Date acquired Source of acquisition Inventory number Total Checkouts Full call number Barcode Date last seen Price effective from Koha item type
    Other/Generic Classification Scheme     MUST Main Library MUST Main Library 30/06/2016   476   WA 310 A86p 2016-2919 30/06/2016 30/06/2016 Open Shelf
    Other/Generic Classification Scheme     MUST Main Library MUST Main Library 30/06/2016   447   WA 310 A86p 2016-2920 30/06/2016 30/06/2016 Open Shelf
    Other/Generic Classification Scheme     MUST Main Library MUST Main Library 07/07/2016   504   WA 310 A86p 2016-3056 07/07/2016 07/07/2016 Open Shelf
    Other/Generic Classification Scheme     MUST Main Library MUST Main Library 18/08/2016   494   WA 310 A86p 2016-3741 18/08/2016 18/08/2016 Open Shelf